Změny v zahraničním obchode ČR po vstupu do EU

Základné zásady Európskej únie ako formy medzinárodnej integrácie. Schéma právnych predpisov EÚ. Druhy obchodov v rámci EÚ. Vnútroštátny obchod členských štátov EÚ. Zahraničný obchod EÚ. Colný kódex Európskej únie. Intrakomunitárny obchod EÚ. INTRASTAT ako štatistický systém pre sledovanie pohybu t...

Descrizione completa

Salvato in:
Dettagli Bibliografici
Autore principale: Hradil, Vladimír
Natura: Capitolo di libro
Lingua:ceco
Soggetti:
Tags: Aggiungi Tag
Nessun Tag, puoi essere il primo ad aggiungerne!!

MARC

LEADER 00000naa$a2200000$$$4500
001 0027794
005 20231017065612.9
041 0 |a cze 
044 |a CZ 
245 1 0 |a Změny v zahraničním obchode ČR po vstupu do EU  |c Vladimír Hradil 
520 |a Základné zásady Európskej únie ako formy medzinárodnej integrácie. Schéma právnych predpisov EÚ. Druhy obchodov v rámci EÚ. Vnútroštátny obchod členských štátov EÚ. Zahraničný obchod EÚ. Colný kódex Európskej únie. Intrakomunitárny obchod EÚ. INTRASTAT ako štatistický systém pre sledovanie pohybu tovarov medzi členskými krajinami EÚ. 
610 2 0 |a obchod zahraničný 
610 2 0 |a Európska únia 
610 2 0 |a legislatíva 
610 2 0 |a Česko 
610 2 0 |a integrácia ekonomická 
610 2 0 |a pohyb tovaru 
610 2 0 |a pohyb kapitálu 
610 2 0 |a kódexy 
610 2 0 |a clá 
100 1 |a Hradil, Vladimír